000 00311nam a22001337a 4500
008 190306b xxu||||| |||| 00| 0 eng d
020 _a2809350251159
041 _aeng
080 _a610
100 _a4
101 _aSHM
245 _aClinical Atlas of Ent and Head & Neck Diseases
_cJaypee
942 _2udc
_cBK
999 _c54631
_d54631